[Event "Washington State-ch"]
[Site "Seattle"]
[Date "2010.02.13"]
[Round "6"]
[White "Collyer, Curt D"]
[Black "Bragg, David R"]
[Result "1-0"]
[WhiteElo "2313"]
[BlackElo "2213"]
[PlyCount "59"]
[EventDate "2010.02.06"]
[EventType "tourn"]
[EventRounds "9"]
[EventCountry "USA"]
[SourceTitle "EXT 2017"]
[Source "ChessBase"]
[SourceDate "2016.10.25"]
[SourceVersion "1"]
[SourceVersionDate "2016.10.25"]
[SourceQuality "1"]

1. d4 Nf6 2. c4 e6 3. Nc3 d5 4. cxd5 exd5 5. Bg5 c6 6. e3 Bd6 7. Bd3 Nbd7 8. Nge2 Nf8 9. f3 Ne6 10. Bh4 g5 11. Bf2 h5 12. Qd2 h4 13. 0-0-0 b5 14. Kb1 b4 15. Na4 Qa5 16. Qc2 Bb7 17. e4 Nd7 18. g3 Rc8 19. Rc1 c5 20. Nxc5 Ndxc5 21. dxc5 Bxc5 22. Bxc5 Rxc5 23. Qd2 g4 24. Nf4 hxg3 25. Nxe6 Rxc1+ 26. Rxc1 gxh2 27. Bb5+ Ke7 28. Qg5+ Kxe6 29. Qf5+ Ke7 30. Qe5+ 1-0